[Event "Wroclaw op 9th"]
[Site "Wroclaw"]
[Date "2014.07.04"]
[Round "8"]
[White "Rossienik, Wieslaw"]
[Black "Drozd, Lukasz"]
[Result "0-1"]
[WhiteElo "1498"]
[BlackElo "1761"]
[PlyCount "70"]
[EventDate "2014.06.29"]
[EventType "swiss"]
[EventRounds "9"]
[EventCountry "POL"]
[SourceTitle "EXT 2015"]
[Source "ChessBase"]
[SourceDate "2014.11.20"]
[SourceVersion "1"]
[SourceVersionDate "2014.11.20"]
[SourceQuality "1"]

1. e4 g6 2. d4 Bg7 3. Nf3 d6 4. Bd3 c5 5. dxc5 dxc5 6. c3 Nc6 7. 0-0 Nf6 8. Qe2 Bg4 9. h3 Bd7 10. Be3 b6 11. Na3 0-0 12. Rad1 Qc8 13. Ba6 Qb8 14. Bc1 Be6 15. Bc4 Bxc4 16. Qxc4 Rc8 17. Qe2 a6 18. e5 Ne8 19. e6 f6 20. g3 b5 21. Nc2 Bf8 22. Bf4 Qb6 23. Ne3 Nd8 24. Nd5 Qc6 25. Bh6 Ra7 26. Bxf8 Kxf8 27. Rfe1 Kg8 28. Qe3 Ng7 29. Qe4 Ndxe6 30. Nh4 Kf7 31. f4 Rd7 32. f5 gxf5 33. Nxf5 Nxf5 34. Qxf5 Ng7 35. Qf4 Rxd5 0-1

[Event "Wroclaw op 9th"]
[Site "Wroclaw"]
[Date "2014.07.03"]
[Round "7"]
[White "Drozd, Lukasz"]
[Black "Lipski, Lukasz"]
[Result "1/2-1/2"]
[WhiteElo "1761"]
[BlackElo "1595"]
[PlyCount "67"]
[EventDate "2014.06.29"]
[EventType "swiss"]
[EventRounds "9"]
[EventCountry "POL"]
[SourceTitle "EXT 2015"]
[Source "ChessBase"]
[SourceDate "2014.11.20"]
[SourceVersion "1"]
[SourceVersionDate "2014.11.20"]
[SourceQuality "1"]

1. Nf3 d5 2. g3 Nf6 3. b3 g6 4. Bb2 Bg7 5. c4 Bg4 6. Bg2 c6 7. 0-0 0-0 8. d4 Bxf3 9. Bxf3 e6 10. Nc3 Re8 11. Qd2 Qd7 12. Rfd1 Na6 13. Rac1 Rac8 14. Bg2 Red8 15. Qf4 Qc7 16. Qf3 Qb8 17. Ba3 Nd7 18. e4 dxc4 19. bxc4 Nb6 20. Ne2 Rc7 21. Qe3 Rcd7 22. c5 Nc8 23. d5 exd5 24. exd5 cxd5 25. Rxd5 Rxd5 26. Bxd5 Rxd5 27. Qe8+ Bf8 28. c6 Nb6 29. Qxb8 Nxb8 30. c7 Nc6 31. Bxf8 Kxf8 32. Rb1 Rd7 33. Rxb6 Rxc7 34. Rb5 1/2-1/2

[Event "Wroclaw op 9th"]
[Site "Wroclaw"]
[Date "2014.06.30"]
[Round "4"]
[White "Logallo, Claudio"]
[Black "Drozd, Lukasz"]
[Result "1/2-1/2"]
[WhiteElo "2074"]
[BlackElo "1761"]
[PlyCount "33"]
[EventDate "2014.06.29"]
[EventType "swiss"]
[EventRounds "9"]
[EventCountry "POL"]
[SourceTitle "EXT 2015"]
[Source "ChessBase"]
[SourceDate "2014.11.20"]
[SourceVersion "1"]
[SourceVersionDate "2014.11.20"]
[SourceQuality "1"]

1. e4 c5 2. Nc3 Nc6 3. f4 g6 4. Nf3 Bg7 5. Bb5 Nd4 6. 0-0 Qa5 7. a4 a6 8. Bc4 e6 9. e5 b5 10. Bd3 f5 11. Nxd4 cxd4 12. Ne2 Ne7 13. b3 b4 14. Bb2 Nc6 15. Qe1 Qb6 16. Qf2 Bf8 17. Bc4 1/2-1/2

[Event "Wroclaw op 9th"]
[Site "Wroclaw"]
[Date "2014.06.29"]
[Round "2"]
[White "Szotkowski, David"]
[Black "Drozd, Lukasz"]
[Result "0-1"]
[WhiteElo "1369"]
[BlackElo "1761"]
[PlyCount "124"]
[EventDate "2014.06.29"]
[EventType "swiss"]
[EventRounds "9"]
[EventCountry "POL"]
[SourceTitle "EXT 2015"]
[Source "ChessBase"]
[SourceDate "2014.11.20"]
[SourceVersion "1"]
[SourceVersionDate "2014.11.20"]
[SourceQuality "1"]

1. e4 c6 2. d4 d5 3. e5 Bf5 4. Nf3 e6 5. Bg5 Be7 6. Bxe7 Nxe7 7. Bd3 Nd7 8. 0-0 0-0 9. c3 c5 10. Bc2 Rc8 11. Nbd2 Qb6 12. Nb3 cxd4 13. Bxf5 Nxf5 14. cxd4 Rc4 15. Rc1 Rfc8 16. Rxc4 dxc4 17. Qc2 Rc6 18. Nc1 Nxd4 19. Nxd4 Qxd4 20. Rd1 Qxe5 21. g3 Rc7 22. Qd2 g6 23. Ne2 Kg7 24. Nf4 Nf6 25. Re1 c3 26. bxc3 Qxc3 27. Qe2 Rd7 28. Rd1 Rxd1+ 29. Qxd1 b5 30. Kg2 a5 31. Qd6 Qe1 32. Qc5 Qe4+ 33. f3 Qc4 34. Qxc4 bxc4 35. Kf2 Nd5 36. Ne2 Kf6 37. Nd4 a4 38. Ke2 Nc3+ 39. Kd2 Nxa2 40. Nc6 e5 41. Kc2 Ke6 42. Kb2 Kd6 43. Na5 Nb4 44. Nxc4+ Kd5 45. Kc3 Na2+ 46. Kd3 Nc1+ 47. Kc3 Ne2+ 48. Kd3 Nc1+ 49. Kc3 e4 50. fxe4+ Kxe4 51. Nd6+ Kf3 52. Nxf7 Kg2 53. Ng5 h5 54. Ne6 Ne2+ 55. Kb4 Kxh2 56. Nf8 g5 57. Nh7 g4 58. Nf6 Kxg3 59. Nxh5+ Kh4 60. Nf6 g3 61. Ne4 g2 62. Nd2 Nd4 0-1

[Event "Polanica Zdroj op-D 49th"]
[Site "Polanica Zdroj"]
[Date "2013.08.19"]
[Round "3"]
[White "Lipski, Lukasz"]
[Black "Drozd, Lukasz"]
[Result "0-1"]
[WhiteElo "1608"]
[BlackElo "1784"]
[PlyCount "34"]
[EventDate "2013.08.17"]
[EventType "swiss"]
[EventRounds "9"]
[EventCountry "POL"]
[SourceTitle "EXT 2014"]
[Source "ChessBase"]
[SourceDate "2013.11.20"]
[SourceVersion "1"]
[SourceVersionDate "2013.11.20"]
[SourceQuality "1"]

1. e4 c5 2. Nf3 Nc6 3. Bb5 d6 4. d4 cxd4 5. Nxd4 Bd7 6. Nxc6 bxc6 7. Bc4 Nf6 8. Nc3 Qa5 9. Bd2 Qc5 10. Bb3 Bg4 11. f3 Bh5 12. Qe2 e6 13. Bc4 Be7 14. g4 Bg6 15. f4 Nxe4 16. Na4 Bh4+ 17. Kf1 Nxd2+ 0-1

[Event "Wroclaw op-B 8th"]
[Site "Wroclaw"]
[Date "2013.07.07"]
[Round "7"]
[White "Lipski, Lukasz"]
[Black "Drozd, Lukasz"]
[Result "0-1"]
[WhiteElo "1573"]
[BlackElo "1780"]
[PlyCount "50"]
[EventDate "2013.07.01"]
[EventType "swiss"]
[EventRounds "9"]
[EventCountry "POL"]
[SourceTitle "EXT 2014"]
[Source "ChessBase"]
[SourceDate "2013.11.20"]
[SourceVersion "1"]
[SourceVersionDate "2013.11.20"]
[SourceQuality "1"]

1. e4 c5 2. Nf3 e6 3. c4 Nc6 4. Nc3 a6 5. d4 cxd4 6. Nxd4 Qc7 7. Be3 Nf6 8. f4 Bb4 9. Bd3 d5 10. e5 Nd7 11. cxd5 exd5 12. e6 Nf6 13. exf7+ Qxf7 14. 0-0 0-0 15. Qa4 Ng4 16. Nxc6 Bxc3 17. Ne5 Bxe5 18. fxe5 Qe7 19. Rxf8+ Qxf8 20. Rf1 Qe7 21. Bc5 Qxc5+ 22. Kh1 Be6 23. Qc2 Qxc2 24. Bxc2 Ne3 25. Rc1 Rc8 0-1

[Event "POL-ch Amateur"]
[Site "Wroclaw"]
[Date "2013.??.??"]
[Round "4"]
[White "Drozd, Lukasz"]
[Black "Cygan, Miroslaw"]
[Result "1-0"]
[WhiteElo "1767"]
[BlackElo "1388"]
[PlyCount "113"]
[EventDate "2013.06.??"]
[EventType "swiss"]
[EventRounds "9"]
[EventCountry "POL"]
[SourceTitle "EXT 2014"]
[Source "ChessBase"]
[SourceDate "2013.11.20"]
[SourceVersion "1"]
[SourceVersionDate "2013.11.20"]
[SourceQuality "1"]

1. e4 e5 2. Nf3 d6 3. d4 exd4 4. Nxd4 Be7 5. Nc3 Nf6 6. Be3 a6 7. g3 Nbd7 8. Bg2 Ne5 9. h3 Bd7 10. 0-0 0-0 11. f4 Nc6 12. Nf3 Qc8 13. g4 h6 14. Qd2 Nh7 15. Nd5 Bd8 16. Rad1 Ne7 17. Nc3 Bc6 18. Nd4 Re8 19. f5 Ng5 20. h4 Nh7 21. Bxh6 gxh6 22. Qxh6 Kh8 23. f6 Qxg4 24. fxe7 Rg8 25. Rd2 Bxe7 26. Nxc6 bxc6 27. Rxf7 Rg7 28. Rxg7 Qxg7 29. Qxg7+ Kxg7 30. h5 Bf6 31. Rd3 Rb8 32. b3 Be5 33. Ne2 Kh6 34. Ng3 Rg8 35. Nf5+ Kg5 36. Rh3 Nf6 37. Kf2 Nxh5 38. Bf3 Nf4 39. Rg3+ Kf6 40. Rxg8 d5 41. Rf8+ Ke6 42. Ke3 Ng6 43. Ra8 Bf4+ 44. Ke2 Ne5 45. Nd4+ Kd6 46. Rxa6 Bc1 47. exd5 Nxf3 48. Nxf3 Kxd5 49. Kd3 Bf4 50. c4+ Kc5 51. Nd4 Bh2 52. Rxc6+ Kb4 53. Nb5 Bg3 54. Kc2 Ka5 55. a3 Bd6 56. Nxd6 cxd6 57. b4+ 1-0

[Event "POL-ch Amateur"]
[Site "Wroclaw"]
[Date "2013.??.??"]
[Round "2"]
[White "Drozd, Lukasz"]
[Black "Cymbala, Ireneusz"]
[Result "0-1"]
[WhiteElo "1767"]
[BlackElo "1908"]
[PlyCount "98"]
[EventDate "2013.06.??"]
[EventType "swiss"]
[EventRounds "9"]
[EventCountry "POL"]
[SourceTitle "EXT 2014"]
[Source "ChessBase"]
[SourceDate "2013.11.20"]
[SourceVersion "1"]
[SourceVersionDate "2013.11.20"]
[SourceQuality "1"]

1. e4 c5 2. Nc3 e6 3. g3 Nc6 4. Bg2 g6 5. d3 Bg7 6. f4 d6 7. Be3 Nge7 8. Nf3 a6 9. 0-0 b5 10. Rb1 Rb8 11. Ne2 Bb7 12. d4 cxd4 13. Nfxd4 0-0 14. Kh1 Nxd4 15. Nxd4 Qc7 16. Qd2 Nc6 17. c3 Na5 18. Qf2 Nc4 19. f5 Nxe3 20. Qxe3 exf5 21. exf5 Rbe8 22. Qd3 Bf6 23. Rbe1 Rxe1 24. Rxe1 Bxg2+ 25. Kxg2 Qc5 26. fxg6 hxg6 27. Re4 Qd5 28. Qf3 Bxd4 29. Rxd4 Qxa2 30. Rxd6 Qxb2+ 31. Kh3 Qa2 32. Qf6 a5 33. Qg5 Qb1 34. Rf6 Kg7 35. Qe5 Kg8 36. Rb6 Qf1+ 37. Kh4 Rc8 38. Rxb5 Rc4+ 39. g4 Qf2+ 40. Kh3 Qf3+ 41. Qg3 Qf6 42. Rb8+ Kg7 43. Rb3 a4 44. Ra3 Qe7 45. Qd3 Re4 46. c4 Rxc4 47. Qxc4 Qxa3+ 48. Kh4 Qe7+ 49. g5 Qe1+ 0-1

[Event "Polanica Zdroj op-C 44th"]
[Site "Polanica Zdroj"]
[Date "2008.08.27"]
[Round "9"]
[White "Jasnikowska, Daria"]
[Black "Drozd, Lukasz"]
[Result "1/2-1/2"]
[WhiteElo "1672"]
[BlackElo "1721"]
[PlyCount "36"]
[EventDate "2008.08.19"]
[EventType "swiss"]
[EventRounds "9"]
[EventCountry "POL"]
[SourceTitle "CBM 126 Extra"]
[Source "ChessBase"]
[SourceDate "2008.11.05"]
[SourceVersion "1"]
[SourceVersionDate "2008.11.05"]
[SourceQuality "1"]

1. e4 c6 2. d4 d5 3. Nc3 dxe4 4. Nxe4 Bf5 5. Ng3 Bg6 6. h4 h6 7. Nf3 Nd7 8. h5 Bh7 9. Bd3 Bxd3 10. Qxd3 Qc7 11. Bd2 e6 12. 0-0-0 0-0-0 13. Ne2 Bd6 14. g3 Ngf6 15. Bf4 Nc5 16. Qd2 Nce4 17. Qe1 Ng4 18. Rf1 Nef6 1/2-1/2

[Event "Polanica Zdroj op-C 44th"]
[Site "Polanica Zdroj"]
[Date "2008.08.26"]
[Round "8"]
[White "Drozd, Lukasz"]
[Black "Zielinski, Wojciech"]
[Result "0-1"]
[WhiteElo "1721"]
[BlackElo "1896"]
[PlyCount "68"]
[EventDate "2008.08.19"]
[EventType "swiss"]
[EventRounds "9"]
[EventCountry "POL"]
[SourceTitle "CBM 126 Extra"]
[Source "ChessBase"]
[SourceDate "2008.11.05"]
[SourceVersion "1"]
[SourceVersionDate "2008.11.05"]
[SourceQuality "1"]

1. Nf3 e6 2. d4 Nf6 3. g3 c5 4. Bg2 cxd4 5. Nxd4 Nc6 6. Nxc6 bxc6 7. c4 Bc5 8. 0-0 0-0 9. Qc2 Bb7 10. Nd2 a5 11. b3 Bd4 12. Rb1 d5 13. e3 Ba7 14. Bb2 Rc8 15. h3 Re8 16. Nf3 Ne4 17. Ne5 f5 18. Bxe4 fxe4 19. Qe2 Rf8 20. Qg4 Qe7 21. h4 Rf5 22. Qe2 Bb8 23. Ng4 h5 24. Nh2 Rcf8 25. Kh1 Qf7 26. Kg2 Bd6 27. Rbc1 g5 28. c5 Bc7 29. f4 exf3+ 30. Nxf3 Ba6 31. Qxa6 Rxf3 32. Qd3 Rf2+ 33. Rxf2 Qxf2+ 34. Kh1 Qf3+ 0-1

[Event "Polanica Zdroj op-C 44th"]
[Site "Polanica Zdroj"]
[Date "2008.08.22"]
[Round "4"]
[White "Drozd, Lukasz"]
[Black "Gadek, Michal"]
[Result "1-0"]
[WhiteElo "1721"]
[BlackElo "1829"]
[PlyCount "63"]
[EventDate "2008.08.19"]
[EventType "swiss"]
[EventRounds "9"]
[EventCountry "POL"]
[SourceTitle "CBM 126 Extra"]
[Source "ChessBase"]
[SourceDate "2008.11.05"]
[SourceVersion "1"]
[SourceVersionDate "2008.11.05"]
[SourceQuality "1"]

1. Nf3 Nf6 2. g3 b6 3. Bg2 Bb7 4. 0-0 e6 5. b3 Be7 6. Bb2 0-0 7. d3 c5 8. e4 d6 9. Nbd2 Nfd7 10. Qe2 Bf6 11. c3 Nc6 12. Ne1 e5 13. Kh1 g6 14. Nc2 Bg7 15. f4 exf4 16. gxf4 f5 17. Ne3 Qc7 18. Rf2 Rae8 19. Rg1 Ne7 20. Nf3 fxe4 21. Ng5 exd3 22. Qxd3 Nf5 23. Bd5+ Kh8 24. Nxf5 Bxd5+ 25. Qxd5 Rxf5 26. Nf7+ Rxf7 27. Qxf7 Qc6+ 28. Rfg2 Re2 29. Ba1 Qf3 30. Qxd7 h5 31. Qd8+ Kh7 32. Qg5 1-0